A halo for father (Record no. 26512)

MARC details
000 -LEADER
fixed length control field 00894nam a2200157Ia 4500
008 - FIXED-LENGTH DATA ELEMENTS--GENERAL INFORMATION
fixed length control field 210327s9999||||xx |||||||||||||| ||und||
040 ## - CATALOGING SOURCE
Transcribing agency STCPL
082 ## - DEWEY DECIMAL CLASSIFICATION NUMBER
Classification number 248.4
Item number BRE-A
100 ## - MAIN ENTRY--PERSONAL NAME
Personal name Breig Joseph A
245 #2 - TITLE STATEMENT
Title A halo for father
260 ## - PUBLICATION, DISTRIBUTION, ETC.
Place of publication, distribution, etc. New Delhi
Name of publisher, distributor, etc. St. Paul Publications
Date of publication, distribution, etc. 1963
300 ## - PHYSICAL DESCRIPTION
Extent 124P, 18CM
650 ## - SUBJECT ADDED ENTRY--TOPICAL TERM
Topical term or geographic name entry element Christian Experience, Practice, LifeChristian Life And Practiceघटनाएँ, पात्रों का स्वरुप, राम का स्वरुप, सीता का स्वरुप, भाव वणनि, उत्साह, रति, शोक, हास्य, वस्तु पर्णन, मानय दर्शन, ब्राहा, जगात, जीव, माया, भक्ति, विविध विषय, मित्रघर्म, गुरु शिष्य घर्म
942 ## - ADDED ENTRY ELEMENTS (KOHA)
Koha item type Books
041 ## - LANGUAGE CODE
Language code of original English
Holdings
Withdrawn status Lost status Damaged status Not for loan Home library Current library Shelving location Date acquired Total Checkouts Full call number Barcode Date last seen Price effective from Koha item type
        ST. THOMAS COLLEGE LIBRARY, PALAI ST. THOMAS COLLEGE LIBRARY, PALAI   2021-07-10   248.4 BRE-A 38397 2021-07-10 2021-07-10 Books
Rights reserved ©2021 ST. THOMAS COLLEGE LIBRARY
A joint venture of - St. Thomas College Library and
Department of Computer Science, St. Thomas Collge Palai